Historia de la Conquista de Méjico

Gardado en:
Detalles Bibliográficos
Autor Principal: Solís, Antonio de (Author)
Formato: Libro
Idioma:Lingua castelá
Publicado: Buenos Aires Espasa-Calpe 1947
Edición:2a. ed
Series:Colección Austral, 699
Subjects:
Tags: Engadir etiqueta
Sen Etiquetas, Sexa o primeiro en etiquetar este rexistro!

MARC

LEADER 00000nam a2200000 a 4500
001 UCP8633
003 CL-VaPUC
008 000310e19470000AG |||||||||||||||||spa|d
082 0 4 |a 972.02  |b SOL  |2 21 
100 0 |a Solís, Antonio de  |e author  |9 438716 
245 1 0 |a Historia de la Conquista de Méjico 
250 |a 2a. ed 
300 |a 457 p 
942 |c BK 
945 |d 20000310 00:00:00  |a lriquelm 
260 |a Buenos Aires  |b Espasa-Calpe  |c 1947 
600 0 7 |a CORTES, HERNAN  |2 CL-VaPUC  |9 258554 
600 0 7 |a MOCTEZUMA  |2 CL-VaPUC  |9 438717 
650 0 |a Historia  |9 255047 
650 7 |a DESCUBRIMIENTO  |2 CL-VaPUC  |9 321428 
650 7 |a CONQUISTA ESPAÑOLES  |2 CL-VaPUC  |9 438718 
650 0 |a Aztecas  |9 265930 
650 7 |a CONQUISTADORES  |2 CL-VaPUC  |9 438719 
651 0 |a México  |9 255269 
583 |a last modification  |c 20000310 00:00:00  |k Rodrigo Vera 
490 0 |a Colección Austral, 699 
999 |c 285524  |d 285522 
952 |0 0  |1 0  |4 0  |6 972_020000000000000_SOL_1947  |7 0  |8 X  |9 330184  |a BIBHIS  |b BIBHIS  |d 2019-11-20  |i 1385224  |o 972.02 SOL 1947  |p 1385224  |r 2024-01-30  |w 2019-11-20  |y BK_X  |k HIS 
952 |0 0  |1 0  |4 0  |6 972_020000000000000_SOL_1947  |7 0  |8 X  |9 330185  |a BIBHIS  |b BIBHIS  |d 2019-11-20  |i 1387243  |o 972.02 SOL 1947  |p 1387243  |r 2024-01-30  |w 2019-11-20  |y BK_X  |k HIS